Dokumenty ke studiu evropského práva

Bibliographic Details
Main Author: Tichý, Luboš, 1948- (Author)
Format: Book
Language:Czech
PhysicalDescription:910 s. 21 cm
Published: Praha Linde 2006
ISBN:8072015737
Edition:3. přeprac. vyd.
Series:Vysokoškolské právnické učebnice
Subjects:

MARC

LEADER 00000cam a2200000 a 4500
001 vtls008699228
003 SK-MaSNL
005 20260301080058.0
008 240318s2006 xr f p 001 0 cze
020 |a 8072015737  |q (viaz.) 
040 |a SNK  |b slo  |c SNK  |e AACR2 
041 0 |a cze 
044 |a xr  |c CZ 
072 7 |a 341  |x Medzinárodné právo  |2 konspekt 
072 7 |a 37.016  |x Učebné osnovy. Vyučovacie predmety. Učebnice  |2 konspekt 
080 |a 061.1EU  |2 2001 
080 |a 341.171  |2 2001 
080 |a (094)  |2 2001 
080 |a (093)  |2 2001 
080 |a (075.8)  |2 2001 
100 1 |a Tichý, Luboš,  |d 1948-  |4 aut  |9 87689 
245 1 0 |a Dokumenty ke studiu evropského práva  |c Luboš Tichý a kol. 
250 |a 3. přeprac. vyd. 
260 |a Praha  |b Linde  |c 2006 
300 |a 910 s.  |c 21 cm 
490 1 |a Vysokoškolské právnické učebnice 
504 |a Obsahuje bibliogr. odkazy 
610 2 7 |a Európska únia  |2 SNKPH  |9 29861 
650 0 7 |a komunitárne právo  |2 SNKPH  |9 4432 
650 0 7 |a European law  |2 SNKPHeng  |9 270889 
655 7 |a učebnice vysokých škôl  |2 SNKPH  |9 70191 
655 7 |a dokumenty  |2 SNKPH  |9 70482 
655 7 |a pramene  |2 SNKPH  |9 70564 
655 7 |a Textbooks (higher)  |2 SNKPHeng  |9 276436 
655 7 |a Documents  |2 SNKPHeng  |9 277725 
655 7 |a Sources  |2 SNKPHeng  |9 285559 
830 0 |a Vysokoškolské právnické učebnice  |9 311979 
919 |a 80-7201-573-7 
999 |c 652129  |d 654059 
952 |t snkTIC 34(4)  |a SNKUST  |b SNKUST  |y PREZ  |7 0  |p 17A0567207  |o snkIC 135658  |i snk2007/23992  |8 4  |g 34.42  |0 0  |1 0  |4 0  |d 2007-10-19  |l 0  |r 2025-04-29 00:00:00  |w 2026-02-23